[Event "FICGS W-ch st1 g05 email"]
[Site "FICGS email"]
[Date "2020.11.05"]
[Round "1"]
[White "Hendricks, Richard"]
[Black "Matisz, Gergely"]
[Result "0-1"]
[WhiteElo "2006"]
[BlackElo "1708"]
[PlyCount "40"]
[EventDate "2020.??.??"]
[EventType "tourn (corr)"]
[EventRounds "8"]
[SourceTitle "Corr 2022"]
[Source "ChessBase"]
[SourceDate "2021.10.24"]
[SourceVersion "1"]
[SourceVersionDate "2021.10.24"]
[SourceQuality "1"]

1. d4 Nf6 2. c4 e6 3. Nc3 Bb4 4. Qc2 0-0 5. a3 Bxc3+ 6. Qxc3 d6 7. f3 b6 8. e4 c5 9. Be3 Nc6 10. Ne2 e5 11. d5 Nd4 12. Ng3 Bd7 13. b4 Rc8 14. Qb2 h5 15. h4 Ne8 16. Nxh5 f5 17. exf5 Bxf5 18. Rc1 a5 19. b5 Nf6 20. Bg5 Qd7 0-1

[Event "FICGS W-ch st1 g05 email"]
[Site "FICGS email"]
[Date "2020.11.05"]
[Round "1"]
[White "Mohamed Said, Azaim"]
[Black "Hendricks, Richard"]
[Result "0-1"]
[WhiteElo "1157"]
[BlackElo "2006"]
[PlyCount "38"]
[EventDate "2020.??.??"]
[EventType "tourn (corr)"]
[EventRounds "8"]
[SourceTitle "Corr 2022"]
[Source "ChessBase"]
[SourceDate "2021.10.24"]
[SourceVersion "1"]
[SourceVersionDate "2021.10.24"]
[SourceQuality "1"]

1. e4 c5 2. Nf3 d6 3. d4 cxd4 4. Nxd4 Nf6 5. Nc3 a6 6. Bd3 e5 7. Nb3 Be7 8. 0-0 Be6 9. f4 exf4 10. Bxf4 Nc6 11. Qe2 0-0 12. e5 dxe5 13. Bxe5 Nxe5 14. Rfd1 Qb6+ 15. Qf2 Qc7 16. Nd4 Neg4 17. Qh4 Qf4 18. Nf3 Ne4 19. Qe1 Bc5+ 0-1

[Event "FICGS rapid A 000258 email"]
[Site "FICGS email"]
[Date "2020.07.24"]
[Round "1"]
[White "Galliano, Gianni"]
[Black "Hendricks, Richard"]
[Result "1/2-1/2"]
[WhiteElo "2053"]
[BlackElo "1942"]
[PlyCount "105"]
[EventDate "2020.??.??"]
[EventType "tourn (rapid)"]
[EventRounds "6"]
[SourceTitle "Corr 2022"]
[Source "ChessBase"]
[SourceDate "2021.10.24"]
[SourceVersion "1"]
[SourceVersionDate "2021.10.24"]
[SourceQuality "1"]

1. e4 c5 2. Nf3 d6 3. d4 cxd4 4. Nxd4 Nf6 5. Nc3 a6 6. f3 e5 7. Nb3 Be6 8. Be3 h5 9. Nd5 Bxd5 10. exd5 Nbd7 11. Qd2 g6 12. Be2 Qc7 13. Rc1 Bg7 14. 0-0 b6 15. c4 0-0 16. Na1 h4 17. Nc2 Nh5 18. Rfe1 f5 19. Nb4 Kh7 20. Nc6 a5 21. Bf1 h3 22. gxh3 Rae8 23. b3 Nc5 24. Kh1 Qd7 25. Bg2 Qf7 26. Rb1 Ra8 27. a3 Rfe8 28. Bf1 Qf8 29. Bg1 Bh6 30. Qc2 Nd7 31. a4 Bg7 32. b4 axb4 33. Rxb4 Qf6 34. Ra1 e4 35. Ra3 exf3 36. Nd4 Re1 37. Rb1 Rxb1 38. Qxb1 Nc5 39. Nxf3 Qb2 40. Qxb2 Bxb2 41. Ra2 Bf6 42. Nd4 Rxa4 43. Rxa4 Nxa4 44. Nc6 Kg7 45. Na7 Be5 46. Nc8 g5 47. Bd3 Nb2 48. Bf1 Na4 49. Nxb6 Nc5 50. Be3 Kg6 51. Nc8 Nf4 52. Nb6 Kf7 53. Nc8 1/2-1/2

[Event "FICGS rapid A 000258 email"]
[Site "FICGS email"]
[Date "2020.07.24"]
[Round "1"]
[White "Hendricks, Richard"]
[Black "Bhaskar, Adithya"]
[Result "1/2-1/2"]
[WhiteElo "1942"]
[BlackElo "2000"]
[PlyCount "76"]
[EventDate "2020.??.??"]
[EventType "tourn (rapid)"]
[EventRounds "6"]
[SourceTitle "Corr 2022"]
[Source "ChessBase"]
[SourceDate "2021.10.24"]
[SourceVersion "1"]
[SourceVersionDate "2021.10.24"]
[SourceQuality "1"]

1. d4 Nf6 2. c4 g6 3. Nc3 d5 4. Nf3 Bg7 5. Qb3 dxc4 6. Qxc4 Na6 7. e4 0-0 8. Be2 c5 9. d5 e6 10. 0-0 exd5 11. exd5 Bf5 12. Rd1 Rc8 13. Bf4 Nb4 14. a3 Nc2 15. Rac1 Nd4 16. Nxd4 cxd4 17. Qxd4 Nh5 18. Qd2 Nxf4 19. Qxf4 Qb6 20. Qd2 Be5 21. Bf3 h5 22. Re1 Rfe8 23. Re3 Bb8 24. Rxe8+ Rxe8 25. g3 h4 26. g4 Qd6 27. gxf5 Qxh2+ 28. Kf1 Bf4 29. Qd1 Bxc1 30. fxg6 Bg5 31. gxf7+ Kxf7 32. Bh5+ Kf8 33. Qf3+ Qf4 34. Qxf4+ Bxf4 35. Bxe8 Kxe8 36. a4 h3 37. Kg1 Kd7 38. Ne4 b6 1/2-1/2

[Event "FICGS class C 000327 email"]
[Site "FICGS email"]
[Date "2020.07.07"]
[Round "1"]
[White "Hendricks, Richard"]
[Black "Quintero, Raul"]
[Result "1-0"]
[WhiteElo "1942"]
[BlackElo "1822"]
[PlyCount "79"]
[EventDate "2020.??.??"]
[EventType "tourn (corr)"]
[EventRounds "1"]
[SourceTitle "Corr 2022"]
[Source "ChessBase"]
[SourceDate "2021.10.24"]
[SourceVersion "1"]
[SourceVersionDate "2021.10.24"]
[SourceQuality "1"]

1. d4 Nf6 2. c4 g6 3. Nc3 Bg7 4. e4 d6 5. Nf3 0-0 6. Be2 c5 7. 0-0 cxd4 8. Nxd4 a6 9. Be3 Bd7 10. f3 Nc6 11. Qd2 Re8 12. Nb3 Rc8 13. Na4 Rb8 14. Nb6 Be6 15. Rad1 Nd7 16. Nd5 b5 17. Rc1 Nce5 18. cxb5 axb5 19. Nc7 Rf8 20. Nxe6 fxe6 21. Nd4 Nc4 22. Bxc4 bxc4 23. Nxe6 Qc8 24. Nxg7 Kxg7 25. Bh6+ Kf7 26. Bxf8 Nxf8 27. b3 Qc5+ 28. Kh1 Rb4 29. Rxc4 Rxc4 30. bxc4 Qxc4 31. Rc1 Qa4 32. Qd5+ Kf6 33. e5+ Kg7 34. Rc7 Qb4 35. Rxe7+ Kh6 36. h3 Qe1+ 37. Kh2 dxe5 38. Qf7 Qe3 39. Qxf8+ Kg5 40. h4+ 1-0

[Event "FICGS class C 000282 email"]
[Site "FICGS email"]
[Date "2020.06.08"]
[Round "1"]
[White "Hendricks, Richard"]
[Black "Roberts, Neil"]
[Result "1/2-1/2"]
[WhiteElo "1954"]
[BlackElo "1894"]
[PlyCount "38"]
[EventDate "2020.??.??"]
[EventType "tourn (corr)"]
[EventRounds "4"]
[SourceTitle "Corr 2022"]
[Source "ChessBase"]
[SourceDate "2021.10.24"]
[SourceVersion "1"]
[SourceVersionDate "2021.10.24"]
[SourceQuality "1"]

1. d4 Nf6 2. c4 e6 3. Nc3 Bb4 4. Qc2 0-0 5. a3 Bxc3+ 6. Qxc3 b6 7. Bg5 Bb7 8. f3 d5 9. cxd5 exd5 10. e3 Re8 11. Ne2 Nbd7 12. h4 Nf8 13. g4 h6 14. Bf4 Rc8 15. Qd2 c5 16. Kf2 Ba6 17. Rd1 Ne6 18. Bg3 Qe7 19. Rh2 Bc4 1/2-1/2

[Event "FICGS class C 000252 email"]
[Site "FICGS email"]
[Date "2018.04.14"]
[Round "1"]
[White "Hendricks, Richard"]
[Black "Dyson, John"]
[Result "1/2-1/2"]
[WhiteElo "1909"]
[BlackElo "1934"]
[PlyCount "81"]
[EventDate "2018.??.??"]
[EventType "tourn (corr)"]
[EventRounds "4"]
[SourceTitle "Corr 2022"]
[Source "ChessBase"]
[SourceDate "2021.10.24"]
[SourceVersion "1"]
[SourceVersionDate "2021.10.24"]
[SourceQuality "1"]

1. d4 d5 2. c4 c6 3. Nf3 Nf6 4. Nc3 dxc4 5. a4 Bf5 6. Ne5 Nbd7 7. Nxc4 Qc7 8. g3 e5 9. dxe5 Nxe5 10. Bf4 Nfd7 11. Bg2 f6 12. 0-0 g5 13. Nxe5 gxf4 14. Nxd7 Qxd7 15. a5 fxg3 16. fxg3 a6 17. Be4 Bh3 18. Qxd7+ Bxd7 19. Rxf6 0-0-0 20. Kg2 h6 21. Bf3 Rh7 22. Rf4 Be7 23. Rd1 Rg7 24. b4 Kc7 25. Kf2 Bg5 26. Rc4 Be6 27. Rxd8 Bxd8 28. Bd5 Bd7 29. Na4 Rg4 30. Rxg4 Bxg4 31. Bf3 Bc8 32. Ke3 Be7 33. Nc5 b6 34. axb6+ Kxb6 35. Kd4 Kb5 36. Nd3 Bd7 37. Kc3 Bf6+ 38. Kb3 Be8 39. Kc2 Bg6 40. h4 Be7 41. h5 1/2-1/2

[Event "FICGS W-ch st1 g06 email"]
[Site "FICGS email"]
[Date "2018.03.02"]
[Round "1"]
[White "Hendricks, Richard"]
[Black "Moreira, Jose"]
[Result "1/2-1/2"]
[WhiteElo "1909"]
[BlackElo "1857"]
[PlyCount "69"]
[EventDate "2018.??.??"]
[EventType "tourn (corr)"]
[EventRounds "8"]
[SourceTitle "Corr 2022"]
[Source "ChessBase"]
[SourceDate "2021.10.24"]
[SourceVersion "1"]
[SourceVersionDate "2021.10.24"]
[SourceQuality "1"]

1. d4 Nf6 2. c4 e6 3. Nf3 d5 4. Nc3 c6 5. Bg5 h6 6. Bh4 dxc4 7. e4 g5 8. Bg3 b5 9. Be2 Bb7 10. 0-0 Nbd7 11. Ne5 Bg7 12. Nxd7 Nxd7 13. Bd6 a6 14. a4 b4 15. Bxb4 Qb6 16. Ba3 Qxd4 17. Qc2 c5 18. Rad1 Qe5 19. Bxc4 Qc7 20. Ne2 Be5 21. h3 0-0 22. Ng3 Rfd8 23. b3 Nf8 24. Bb2 Ng6 25. Bxe5 Qxe5 26. Rxd8+ Rxd8 27. Rc1 Nf4 28. Bf1 Rc8 29. Qd2 Qd4 30. Qe1 Qb4 31. Qd1 Qd4 32. a5 Kf8 33. Qxd4 cxd4 34. Rxc8+ Bxc8 35. Ne2 1/2-1/2

[Event "FICGS class C 000244 email"]
[Site "FICGS email"]
[Date "2017.09.06"]
[Round "1"]
[White "Hendricks, Richard"]
[Black "Dyson, John"]
[Result "1-0"]
[WhiteElo "1804"]
[BlackElo "1847"]
[PlyCount "31"]
[EventDate "2017.??.??"]
[EventType "tourn (corr)"]
[EventRounds "4"]
[SourceTitle "Corr 2022"]
[Source "ChessBase"]
[SourceDate "2021.10.24"]
[SourceVersion "1"]
[SourceVersionDate "2021.10.24"]
[SourceQuality "1"]

1. d4 Nf6 2. c4 e6 3. Nf3 c5 4. d5 d6 5. Nc3 exd5 6. cxd5 Nbd7 7. e4 a6 8. a4 g6 9. Be2 Bg7 10. 0-0 0-0 11. Bf4 Re8 12. Qc2 Qe7 13. Nd2 Ne5 14. Bg3 Rb8 15. Bh4 Nfd7 16. Bxe7 1-0

[Event "FICGS class C 000244 email"]
[Site "FICGS email"]
[Date "2017.09.06"]
[Round "1"]
[White "Trokenheim, Marek"]
[Black "Hendricks, Richard"]
[Result "0-1"]
[WhiteElo "1791"]
[BlackElo "1804"]
[PlyCount "82"]
[EventDate "2017.??.??"]
[EventType "tourn (corr)"]
[EventRounds "4"]
[SourceTitle "Corr 2022"]
[Source "ChessBase"]
[SourceDate "2021.10.24"]
[SourceVersion "1"]
[SourceVersionDate "2021.10.24"]
[SourceQuality "1"]

1. b4 e5 2. Bb2 Bxb4 3. Bxe5 Nf6 4. e3 0-0 5. Nf3 d5 6. Be2 c5 7. 0-0 Nc6 8. Bb2 Re8 9. d3 Ba5 10. Nbd2 d4 11. e4 Bc3 12. Qc1 Bxb2 13. Qxb2 b6 14. Rfe1 Qc7 15. g3 Rb8 16. a4 h6 17. Nh4 Na5 18. f4 Bh3 19. Bf3 Rbd8 20. e5 Nd5 21. Ne4 Qe7 22. Nd6 Nxf4 23. Nxe8 Rxe8 24. Be4 Ne6 25. Nf5 Bxf5 26. Bxf5 Ng5 27. Be4 Nxe4 28. Rxe4 Qd7 29. Qb5 Qc8 30. Rae1 Re6 31. R1e2 Nc6 32. Qc4 Qd7 33. Qb3 Nb4 34. Rf2 Nd5 35. Kh1 Nc3 36. Ref4 Re7 37. Kg1 Qe8 38. h4 Nxa4 39. g4 Nc3 40. g5 Kh7 41. Rf5 Re6 0-1

[Event "FICGS W-ch st1 g02 email"]
[Site "FICGS email"]
[Date "2017.07.01"]
[Round "1"]
[White "Hendricks, Richard"]
[Black "Grammatica, Andrea"]
[Result "1/2-1/2"]
[WhiteElo "1755"]
[BlackElo "2140"]
[PlyCount "60"]
[EventDate "2017.??.??"]
[EventType "tourn (corr)"]
[EventRounds "8"]
[SourceTitle "Corr 2022"]
[Source "ChessBase"]
[SourceDate "2021.10.24"]
[SourceVersion "1"]
[SourceVersionDate "2021.10.24"]
[SourceQuality "1"]

1. d4 Nf6 2. Nf3 g6 3. c4 Bg7 4. Nc3 d5 5. cxd5 Nxd5 6. g3 Nxc3 7. bxc3 b6 8. Bg2 Bb7 9. 0-0 0-0 10. a4 c5 11. dxc5 bxc5 12. Qc2 Nd7 13. Rd1 Qc8 14. e4 Rd8 15. a5 Qc6 16. Bf4 Rac8 17. Qd2 Qe6 18. Ng5 Qc6 19. Nf3 Nf8 20. Qxd8 Rxd8 21. Rxd8 h6 22. h4 Bxc3 23. Rb1 Qxe4 24. Rb3 Bg7 25. Re3 Qb1+ 26. Re1 Qf5 27. Rxe7 Bxf3 28. Bxf3 Bf6 29. Rd5 Qb1+ 30. Rd1 Qb3 1/2-1/2

[Event "FICGS class D 000237 email"]
[Site "FICGS email"]
[Date "2017.05.14"]
[Round "1"]
[White "Hendricks, Richard"]
[Black "Vollmer, Steve"]
[Result "1-0"]
[WhiteElo "1659"]
[BlackElo "1549"]
[PlyCount "57"]
[EventDate "2017.??.??"]
[EventType "tourn (corr)"]
[EventRounds "6"]
[SourceTitle "Corr 2022"]
[Source "ChessBase"]
[SourceDate "2021.10.24"]
[SourceVersion "1"]
[SourceVersionDate "2021.10.24"]
[SourceQuality "1"]

1. d4 d5 2. Nf3 e6 3. c4 Nf6 4. Nc3 Be7 5. Bf4 0-0 6. e3 a6 7. cxd5 exd5 8. h3 Nc6 9. Bd3 h6 10. 0-0 Bd6 11. a3 Bxf4 12. exf4 Ne7 13. g4 Qd6 14. Ne5 g6 15. Qd2 Kg7 16. Rfe1 Bd7 17. Re2 Rae8 18. Rae1 c6 19. Qe3 Bc8 20. Na4 Rd8 21. Nb6 Be6 22. f3 h5 23. f5 hxg4 24. fxe6 gxf3 25. Qxf3 fxe6 26. Bxg6 Ne4 27. Qh5 Rh8 28. Bh7 Nf5 29. Qf7+ 1-0

[Event "FICGS class D 000237 email"]
[Site "FICGS email"]
[Date "2017.05.14"]
[Round "1"]
[White "Trigance, Emile"]
[Black "Hendricks, Richard"]
[Result "0-1"]
[WhiteElo "1574"]
[BlackElo "1659"]
[PlyCount "42"]
[EventDate "2017.??.??"]
[EventType "tourn (corr)"]
[EventRounds "6"]
[SourceTitle "Corr 2022"]
[Source "ChessBase"]
[SourceDate "2021.10.24"]
[SourceVersion "1"]
[SourceVersionDate "2021.10.24"]
[SourceQuality "1"]

1. e4 c5 2. d4 cxd4 3. Nf3 d6 4. Nxd4 Nf6 5. Nc3 a6 6. Bc4 e6 7. Bb3 Nbd7 8. f4 Nc5 9. f5 Be7 10. Qf3 0-0 11. Be3 e5 12. Nde2 Nxb3 13. axb3 b5 14. Nxb5 d5 15. Ng3 Bb7 16. Na3 Rc8 17. Rd1 Bxa3 18. bxa3 Rxc2 19. Bg5 Qb6 20. Bxf6 dxe4 21. Qf1 gxf6 0-1

[Event "FICGS rapid C 000138 email"]
[Site "FICGS email"]
[Date "2017.03.28"]
[Round "1"]
[White "Hendricks, Richard"]
[Black "Foster, Duncan"]
[Result "1-0"]
[WhiteElo "1555"]
[BlackElo "1617"]
[PlyCount "89"]
[EventDate "2017.??.??"]
[EventType "tourn (rapid)"]
[EventRounds "4"]
[SourceTitle "Corr 2022"]
[Source "ChessBase"]
[SourceDate "2021.10.24"]
[SourceVersion "1"]
[SourceVersionDate "2021.10.24"]
[SourceQuality "1"]

1. d4 b6 2. e4 Bb7 3. Bd3 Nf6 4. Qe2 Nc6 5. c3 e5 6. Nf3 d6 7. 0-0 Nd7 8. Rd1 Be7 9. d5 Ncb8 10. a4 a5 11. Na3 0-0 12. Nb5 Na6 13. Bc2 h6 14. Rb1 Nac5 15. b4 axb4 16. cxb4 Nxa4 17. Rd3 c6 18. dxc6 Bxc6 19. Ra3 Nf6 20. Bxa4 Qd7 21. Nc3 Bxa4 22. b5 d5 23. Rxa4 Nxe4 24. Rxe4 dxe4 25. Nxe5 Qd4 26. Nc6 Qxc3 27. Nxe7+ Kh8 28. Bb2 Qd3 29. Qxd3 exd3 30. Nc6 Rfe8 31. Kf1 Ra2 32. Bd4 Rc2 33. Be3 Ra8 34. Ke1 f5 35. Nd4 Rc5 36. g3 Rd5 37. Nc6 Re8 38. Kd2 Re4 39. h4 Kh7 40. Bxb6 Re2+ 41. Kd1 Rd6 42. Bc5 Rd5 43. Bd4 f4 44. gxf4 Rh5 45. Ne5 1-0